| 000 | 00672cam a2200229 a 4500 | ||
|---|---|---|---|
| 001 | 31767 | ||
| 003 | BD-RjUL | ||
| 005 | 20211209051739.0 | ||
| 008 | 140422r19501946enk b 001 0 eng d | ||
| 035 | _a(BD-RjUL)31855 | ||
| 040 |
_aBD-RjUL _beng _cBD-RjUL |
||
| 041 | _aeng | ||
| 082 | 0 | 4 |
_a226.2 _bKIO 1950 |
| 100 | 1 |
_aKilpatrick, George Dunbar. _996681 |
|
| 245 | 1 | 4 |
_aThe origins of the Gospel according to St. Matthew / _cG.D. Kilpatrick. |
| 250 | _aRepr. with corrections. | ||
| 260 |
_aOxford : _bClarendon Press, _c1950. |
||
| 300 |
_a151 p. ; _c23 cm. |
||
| 504 | _aFirst published: 1946. and Index | ||
| 650 | 0 |
_aBible. -- Matthew. _996682 |
|
| 942 |
_2ddc _cBK |
||
| 999 |
_c31767 _d31767 |
||